Kevesebb a magyar, több a hívő nyilvánosságra hozták a 2001. évi népszámlálás első adatait : megkérdeztük Schill Istvánt, a Statisztikai Hivatal alelnökét

Bibliographic Details
Main Authors: Szabó, Géza, 1940- (ain), Schill, István (Author, uin)
Format: Article
Language:Hungarian
PhysicalDescription:Tab.
ISSN:1335-6631
Subjects:

MARC

LEADER 00000nab a2200000 a 4500
001 vtls000777620
003 SK-MaSNL
005 20260319074855.0
008 160405c2001 xo 0 hun
015 |a SNBRB2001/12-36133 
035 |a CLN000129404 
040 |a SNKBUCL  |b slo  |c SNKBUCL  |e AACR2 
041 0 |a hun 
044 |a xo  |c SK 
080 |a 312.95(437.6=945.11)  |2 1997 
080 |a 323.15(437.6=945.11):312.83  |2 1997 
100 1 |a Szabó, Géza,  |d 1940-  |4 ain  |9 840437 
245 1 0 |a Kevesebb a magyar, több a hívő  |b nyilvánosságra hozták a 2001. évi népszámlálás első adatait : megkérdeztük Schill Istvánt, a Statisztikai Hivatal alelnökét  |c [kérdezett] Szabó Géza 
300 |b Tab. 
650 0 7 |a Maďari  |z Slovensko  |x demografia  |2 snkbucl  |9 846802 
650 0 7 |a sčítanie obyvateľstva  |z Slovensko  |y 2001  |x Maďari  |x úbytok  |2 snkbucl  |9 22007 
655 7 |a články z novín a časopisov  |2 snkbucl  |9 267496 
700 1 |a Schill, István  |4 aut  |4 uin  |9 846825 
773 0 |x 1335-6631  |t Szabad újság  |g Roč. 9, č. 45 (2001), s. 3 
850 |a Slovenská národná knižnica v Martine 
852 |a SNK  |b KIS3GCP 
958 |a HU 
958 |a SK 
958 |a RBX 
999 |c 1363573  |d 1365503